<?xml version="1.0" encoding="UTF-8"?>
<marc:record xmlns:marc="http://www.loc.gov/MARC21/slim">
   <marc:leader>00000nam a2200000 a 4500</marc:leader>
   <marc:datafield ind1="1" ind2=" " tag="100">
      <marc:subfield code="a">Clarke, Susanna</marc:subfield>
      <marc:subfield code="4">aut</marc:subfield>
      <marc:subfield code="e">Verfasser/-in</marc:subfield>
   </marc:datafield>
   <marc:datafield ind1=" " ind2=" " tag="653">
      <marc:subfield code="a">Fantasy-Klassiker</marc:subfield>
   </marc:datafield>
   <marc:datafield ind1=" " ind2=" " tag="653">
      <marc:subfield code="a">Fantasy</marc:subfield>
   </marc:datafield>
   <marc:datafield ind1=" " ind2=" " tag="653">
      <marc:subfield code="a">Fantasy-Epos</marc:subfield>
   </marc:datafield>
   <marc:datafield ind1=" " ind2=" " tag="653">
      <marc:subfield code="a">Zauberei</marc:subfield>
   </marc:datafield>
   <marc:datafield ind1=" " ind2=" " tag="653">
      <marc:subfield code="a">Magie</marc:subfield>
   </marc:datafield>
   <marc:datafield ind1=" " ind2=" " tag="653">
      <marc:subfield code="a">Napoleon</marc:subfield>
   </marc:datafield>
   <marc:datafield ind1=" " ind2=" " tag="653">
      <marc:subfield code="a">Amazon Prime TV-Serie</marc:subfield>
   </marc:datafield>
   <marc:datafield ind1=" " ind2=" " tag="653">
      <marc:subfield code="a">Amazon Prime</marc:subfield>
   </marc:datafield>
   <marc:datafield ind1=" " ind2=" " tag="653">
      <marc:subfield code="a">Amazon Prime Video</marc:subfield>
   </marc:datafield>
   <marc:datafield ind1=" " ind2=" " tag="653">
      <marc:subfield code="a">BBC-Serie</marc:subfield>
   </marc:datafield>
   <marc:datafield ind1="0" ind2="0" tag="245">
      <marc:subfield code="a">Jonathan Strange &amp; Mr. Norrell</marc:subfield>
   </marc:datafield>
   <marc:datafield ind1="0" ind2="0" tag="245">
      <marc:subfield code="b">Roman</marc:subfield>
   </marc:datafield>
   <marc:datafield ind1="0" ind2="0" tag="245">
      <marc:subfield code="c">Susanna Clarke</marc:subfield>
   </marc:datafield>
   <marc:datafield ind1=" " ind2="1" tag="264">
      <marc:subfield code="a">München</marc:subfield>
      <marc:subfield code="b">Heyne</marc:subfield>
      <marc:subfield code="c">2021</marc:subfield>
   </marc:datafield>
   <marc:datafield ind1=" " ind2=" " tag="250">
      <marc:subfield code="a">Neuausgabe</marc:subfield>
   </marc:datafield>
   <marc:datafield ind1="1" ind2=" " tag="520">
      <marc:subfield code="a">Angaben aus der Verlagsmeldung

Jonathan Strange &amp; Mr. Norrell : Roman Jonathan Strange &amp; Mr. Norrell / von Susanna Clarke

Wir schreiben das Jahr 1806. Seit Jahrhunderten gibt es keine Zauberei mehr in England. Doch während auf dem Festland der Krieg gegen Napoleon tobt, entdecken die Zaubereihistoriker, dass es noch einen praktizierenden Magier gibt: Mr. Norrell, ein Einzelgänger, der zurückgezogen in Hurtfew Abbey in Yorkshire lebt. Noch ehe sich Regierung und High Society von dieser Überraschung erholt haben, taucht ein zweiter Zauberer auf: der junge, charismatische Jonathan Strange. Die beiden Männer, die unterschiedlicher nicht sein könnten, schließen sich im Dienste der Krone zusammen, um in den Krieg einzugreifen. Doch Strange wird von der dunklen, mysteriösen Magie des Rabenkönigs angezogen, des größten Zauberers aller Zeiten. Um mehr über ihn zu erfahren, riskiert er sogar die Freundschaft zu seinem Mentor. Doch Mr. Norrell hat ebenfalls ein magisches Geheimnis, das ihn und alles, was er sich aufgebaut hat, zerstören könnte, wenn es jemals ans Licht käme ...

</marc:subfield>
   </marc:datafield>
   <marc:datafield ind1=" " ind2=" " tag="020">
      <marc:subfield code="a">9783453424746</marc:subfield>
      <marc:subfield code="9">9783453424746</marc:subfield>
   </marc:datafield>
   <marc:datafield ind1=" " ind2=" " tag="020">
      <marc:subfield code="a">3453424743</marc:subfield>
      <marc:subfield code="9">3453424743</marc:subfield>
   </marc:datafield>
   <marc:datafield ind1=" " ind2=" " tag="300">
      <marc:subfield code="a">1050 Seiten</marc:subfield>
   </marc:datafield>
</marc:record>
